| 000 | 00577nam a22001817a 4500 | ||
|---|---|---|---|
| 003 | CEME | ||
| 005 | 20210628202304.0 | ||
| 008 | 210210b xxu||||| |||| 00| 0 eng d | ||
| 020 | _a0-471-89964-X | ||
| 040 | _c. | ||
| 082 | _a621.3813 MIC | ||
| 100 |
_aGlover ,I . A ,Pennock , S .R ,Shepherd , P. R _959163 |
||
| 245 | _aMicrowave devices, circuits and subsystems for communications engineering | ||
| 260 |
_aENGLAND _bJOHN WILEY _c2005 |
||
| 300 | _aXVIII,531P | ||
| 650 |
_aMICROWAVE COMMUNICATION SYSTEM.MICROWAVE DEVICES.MICROWAVE CIRCUITS _959164 |
||
| 942 |
_cBK _2ddc |
||
| 999 |
_c569207 _d569207 |
||